| 000 | 00570nam a2200229Ia 4500 | ||
|---|---|---|---|
| 008 | 210210b2009 xxu||||| |||| 00| 0 eng d | ||
| 020 | _a9780748624157 | ||
| 041 | _aeng | ||
| 082 | _a327 BLAI | ||
| 100 | _aBLAIR (Alasdair) | ||
| 245 | _aInternational politics: an introductory guide | ||
| 260 |
_aEdinburgh _bNot Mentioned _c2009 |
||
| 300 | _axv,344 | ||
| 650 | _apolitics: | ||
| 650 | _aintroductory | ||
| 650 | _aInternational | ||
| 650 | _aguide | ||
| 650 | _aan | ||
| 690 | _aInternational Relations | ||
| 700 | _aCURTIS (Steven) | ||
| 906 | _a065089 | ||
| 999 |
_c142615 _d142615 |
||